Statistiques concernant Pays qui produisent le plus de bière

Cliquez ici pour prendre le quiz!

Statistiques générales

  • Ce quiz a été pris 6,024 fois
    (3,293 depuis la dernière actualisation)
  • Le résultat moyen est 9 sur 14

Statistiques - réponses

Tonnes Pays % Correct
22,6 milEtats-Unis
96%
8,72 milAllemagne
96%
49,8 milChine
90%
14,0 milBrésil
78%
4,12 milRoyaume-Uni
77%
2,95 milJapon
77%
8,59 milMexique
73%
3,35 milEspagne
67%
3,99 milPologne
58%
2,37 milPays-Bas
56%
2,42 milUkraine
31%
2,24 milThaïlande
27%
3,15 milAfrique du Sud
26%
2,70 milNigeria
10%

Distribution des résultats

Percentile par nombre de réponses

% des personnes avec chaque résultat

Votre développement - résultats

Vous n’avez pas pris ce quiz depuis la dernière actualisation